Топ 10 городов мира по населению - Statistics

General Stats
  • This quiz has been taken 10 times
  • The average score is 7 of 10
Answer Stats
Население 2025 Город % Correct
37 785 000 ТОКИО
89%
31 190 000 Дели
78%
27 119 000 Гуанчжоу
67%
24 156 000 Манила
67%
24 042 000 Шанхай
67%
23 225 000 Сеул
67%
22 679 000 Каир
67%
35 386 000 Джакарта
56%
25 189 000 Мумбаи
56%
21 905 000 Мехико
56%
No matching quizzes found
Score Distribution
Percent of People with Each Score
Percentile by Number Answered
Your Score History
You have not taken this quiz